000
002230000a22000970004500
100
1
_a
Dallape, Fabio
245
1
0
_a
Beginning with street children
300
_a
Núm 32 (1991), Páginas 8-9
773
0
_t
Together
942
_c
ANA
999
_c
56373
_d
56373